<?xml version="1.0" encoding="UTF-8"?>
<collection xmlns="http://www.loc.gov/MARC21/slim">
 <record>
  <leader>00755cam a2200193 7i4500</leader>
  <controlfield tag="001">0000035798</controlfield>
  <controlfield tag="005">20140707090000.0</controlfield>
  <controlfield tag="008">110816                 v           eng   </controlfield>
  <datafield tag="090" ind1="0" ind2="0">
   <subfield code="a">HF 5681 .S8 </subfield>
   <subfield code="b">S7 2002</subfield>
  </datafield>
  <datafield tag="245" ind1="0" ind2="4">
   <subfield code="a">The story of inventory.</subfield>
  </datafield>
  <datafield tag="260" ind1="0" ind2="0">
   <subfield code="a">Monmouth Junction, NJ: </subfield>
   <subfield code="b">Cambridge Educational, </subfield>
   <subfield code="c">2002.</subfield>
  </datafield>
  <datafield tag="300" ind1=" " ind2=" ">
   <subfield code="a">1 videocassette (16 min.): </subfield>
   <subfield code="b">sd., col.; </subfield>
   <subfield code="c">7 1/2in..</subfield>
  </datafield>
  <datafield tag="490" ind1="0" ind2="0">
   <subfield code="a">On the money : the ABCs of accounting</subfield>
  </datafield>
  <datafield tag="590" ind1=" " ind2=" ">
   <subfield code="a">Pusat Pengajian Perniagaan dan Pengurusan Maritim</subfield>
  </datafield>
  <datafield tag="650" ind1="0" ind2="0">
   <subfield code="a">Inventories -- </subfield>
   <subfield code="x">Accounting </subfield>
  </datafield>
  <datafield tag="650" ind1="0" ind2="0">
   <subfield code="a">Accounting </subfield>
  </datafield>
  <datafield tag="710" ind1="2" ind2="1">
   <subfield code="a">Cambridge Educational </subfield>
  </datafield>
  <datafield tag="999" ind1=" " ind2=" ">
   <subfield code="a">1100018172</subfield>
   <subfield code="b">Video</subfield>
   <subfield code="c">Bahan Sumber Media</subfield>
   <subfield code="e">BILIK BAHAN SUMBER MEDIA</subfield>
  </datafield>
  <datafield tag="999" ind1=" " ind2=" ">
   <subfield code="a">1100045998</subfield>
   <subfield code="b">Video Compact Disc</subfield>
   <subfield code="c">Bahan Sumber Media</subfield>
   <subfield code="e">BILIK BAHAN SUMBER MEDIA</subfield>
  </datafield>
 </record>
</collection>
